Popes - sudden death 2 - Statistics

General Stats
  • This quiz has been taken 79 times
  • The average score is 7 of 15
Answers on the Grid
Answers color-coded by a green-red scale on the quiz's grid according to % correct below.
Aegyptus
Anthony
Asperius
Aurelius
Boniface
Camelius
Canopus
Celestine
Eutychian
Fabian
Formosus
Gelasius
Honorius
Hormisdas
Linus
Lucasian
Miltiades
Nicholas
Romanus
Sebastian
Silverius
Simplicius
Titus
Vitalius
Zachary
 
Answer Stats
Answer % Correct
Boniface
81%
Celestine
66%
Linus
58%
Honorius
55%
Nicholas
55%
Fabian
51%
Romanus
51%
Formosus
45%
Silverius
45%
Gelasius
40%
Eutychian
38%
Zachary
38%
Simplicius
32%
Hormisdas
28%
Miltiades
28%
No matching quizzes found
Score Distribution
Percent of People with Each Score
Percentile by Number Answered
Your Score History
You have not taken this quiz